000
00232nam a2200085Ia 4500
008
220204s9999 xx 000 0 und d
082
_a
354
_b
CIV
245
0
_a
Civil list of the administrative service as on 1st January 1976
942
_c
BK
999
_c
25232
_d
25232